| 000 | 00510nam a2200145Ia 4500 | ||
|---|---|---|---|
| 008 | 140724s9999 xx 000 0 und d | ||
| 050 |
_aPN 1992.94 _b.C131 2009 |
||
| 100 | _aCaga-anan, Cheryl Lee O. | ||
| 245 | 2 |
_aA video production thesis on the effects of child sexual abuse / _cCheryl Lee O. Caga-anan. |
|
| 260 |
_aLas PiƱas, Philippines : _bSouthville International School and Colleges, _cc2009. |
||
| 300 |
_a72 p. : _bill. ; _c28 cm. |
||
| 521 | _aMass Communication | ||
| 942 | _cTH | ||
| 999 |
_c228941 _d228941 |
||